000 00221 a2200097 4500
001 32589
100 _aZiauddin, A
245 _aMohammad Ali Jinnah
260 _aKarachi
_bFakhri Printing press
_c
090 _c21805
_d21805
942 _aNUST-CAE
_cM
_c13120
999 _c267662
_d267662